| 000 | 00535nam a2200169Ia 4500 | ||
|---|---|---|---|
| 003 | GCL | ||
| 008 | 140319s9999 xx 000 0 ara d | ||
| 040 |
_aGCL / _cGCL |
||
| 082 | 0 | 4 |
_a964.09 _bم س |
| 245 | 1 | 0 | _aالسياسة الثقافية فى المغرب |
| 490 |
_aالسياسات الثقافية: دراسات ووثائق _v0 |
||
| 650 | 0 | 4 | _aالتراث |
| 650 | 0 | 4 | _aالثقافة |
| 650 | 0 | 4 | _aالانثربولوجيا الثقافية |
| 650 | 0 | 4 | _aالمغرب - الاحوال الثقافية |
| 942 |
_2ddc _cBK |
||
| 999 |
_c38014 _d38014 |
||